| 000 | 00739cam a2200217 a 4500 | ||
|---|---|---|---|
| 001 | 000018060 | ||
| 005 | 20200929165334.0 | ||
| 008 | 750721s1972 sp 000 0 spa d | ||
| 040 |
_aDO-SdBNP _bspa _cLC _dBNPHU |
||
| 082 |
_aCu863.42 _bB116h |
||
| 100 | 1 |
_aBacardí Moreau, Emilio, _d1844-1922. _939145 |
|
| 245 | 1 | 0 |
_aHacia tierras viejas / _cEmilio Bacardí Moreau ; edición Amalia Bacardí Cape. |
| 260 |
_aMadrid : _b[Playor], _c1972. |
||
| 300 |
_a144 p. ; _c21 cm. |
||
| 500 | _a"Obras completas de E. B. M. reeditadas por Amalia Bacardi Cape". | ||
| 650 | 4 |
_aNovela cubana _92316 |
|
| 650 | 4 |
_aLiteratura cubana _91483 |
|
| 700 | 1 |
_aBacardí Cape, Amalia, _eed. _939146 |
|
| 910 | _aCatalogación por copia / LC | ||
| 049 | _aBNGR | ||
| 999 |
_c17582 _d17582 |
||